The wisdom of teams : (Record no. 363478)
[ view plain ]
| 000 -LEADER | |
|---|---|
| fixed length control field | 00490nam a2200133Ia 4500 |
| 008 - FIXED-LENGTH DATA ELEMENTS--GENERAL INFORMATION | |
| fixed length control field | 200611s9999 xx 000 0 und d |
| 020 ## - INTERNATIONAL STANDARD BOOK NUMBER | |
| International Standard Book Number | 978-0-06-052-200-1 |
| 100 ## - MAIN ENTRY--PERSONAL NAME | |
| Personal name | Katzenbach, Jon R. |
| 245 ## - TITLE STATEMENT | |
| Statement of responsibility, etc | Jon R Katzenbach; & Douglas K Smith.-- |
| Title | The wisdom of teams : |
| Remainder of title | creating the high-performance organization / |
| 260 ## - PUBLICATION, DISTRIBUTION, ETC. (IMPRINT) | |
| Place of publication, distribution, etc | New York: |
| Name of publisher, distributor, etc | HarperCollins, |
| Date of publication, distribution, etc | 2003 |
| 300 ## - PHYSICAL DESCRIPTION | |
| Extent | 320 pages |
| Other physical details | black and white illustrations |
| Dimensions | 20 cm. |
| 500 ## - GENERAL NOTE | |
| General note | Includes index. |
| 650 ## - SUBJECT ADDED ENTRY--TOPICAL TERM | |
| Topical term or geographic name as entry element | Teams in the workplace. |
| Withdrawn status | Lost status | Damaged status | Home library | Current library | Shelving location | Date acquired | Total Checkouts | Full call number | Barcode | Date last seen | Price effective from | Koha item type |
|---|---|---|---|---|---|---|---|---|---|---|---|---|
| Southville International School Affiliated with Foreign Universities Library | Southville International School Affiliated with Foreign Universities Library | Southville Foreign University Section | 06/11/2020 | HD 66 .K384 2003 | SFU0185 | 06/11/2020 | 06/11/2020 | Books |